Corografía ó descripción general de la muy noble y muy leal provincia de Guipúzcoa (Record no. 157146)

MARC details
000 -LEADER
campo de control de longitud fija 00969nam a22002295i 4500
001 - NÚMERO DE CONTROL
campo de control 157146
003 - IDENTIFICADOR DE NÚMERO DE CONTROL
campo de control ES-MaACL
005 - FECHA Y HORA DE LA ÚLTIMA TRANSACCIÓN
campo de control 20250813081644.0
008 - DATOS DE LONGITUD FIJA--INFORMACIÓN GENERAL
campo de control de longitud fija 940202s1882 sp |||| | spa d
040 ## - FUENTE DE CATALOGACIÓN
Centro catalogador/agencia de origen AS
Lengua de catalogación spa
100 1# - ENTRADA PRINCIPAL--NOMBRE DE PERSONA
Nombre de persona Larramendi, Manuel de,
Fechas asociadas al nombre 1690-1766
9 (RLIN) 70303
245 10 - MENCIÓN DEL TÍTULO
Título Corografía ó descripción general de la muy noble y muy leal provincia de Guipúzcoa
Resto del título : obra inédita /
Mención de responsabilidad, etc. por el R.P. Manuel de Larramendi.
260 ## - PUBLICACIÓN, DISTRIBUCIÓN, ETC.
Lugar de publicación, distribución, etc. Barcelona :
Nombre del editor, distribuidor, etc. [s.n.],
Fecha de publicación, distribución, etc. 1882 (
Fabricante Imprenta de la viuda e hijos de J. Subirana)
300 ## - DESCRIPCIÓN FÍSICA
Extensión 298 p. ;
Dimensiones 19 cm.
490 1# - MENCIÓN DE SERIE
Mención de serie La Verdadera Ciencia Española ;
Designación de volumen o secuencia 19
530 ## - NOTA DISPONIBLE DE FORMULARIO FÍSICO ADICIONAL
Nota de formato físico adicional disponible Disponible en formato digital.
651 #4 - PUNTO DE ACCESO ADICIONAL DE MATERIA--NOMBRE GEOGRÁFICO
Nombre geográfico Guipúzcoa-
Subdivisión general Descripción.
9 (RLIN) 8811
830 03 - PUNTO DE ACCESO ADICIONAL DE SERIE-TÍTULO UNIFORME
Título uniforme La verdadera ciencia española: biblioteca económica
Designación de volumen o secuencia 19
9 (RLIN) 188044
852 ## - LOCALIZACIÓN
Ubicación ES-MaACL
Número de control de estantería D-3482
Nota libre -- Enc. hol.
856 ## - LOCALIZACIÓN Y ACCESO ELECTRÓNICOS
Identificador Uniforme de Recursos <a href="http://bdh-rd.bne.es/viewer.vm?id=0000060535&page=1 ">http://bdh-rd.bne.es/viewer.vm?id=0000060535&page=1 </a>
Nota pública Biblioteca Digital Hispánica
Holdings
Estatus retirado Estado de pérdida Estado de daño No para préstamo Colección Biblioteca de origen Biblioteca actual Ubicación en estantería Fecha de adquisición Fuente de adquisición Total de préstamos Signatura topográfica completa Código de barras Visto por última vez Precio de reemplazo Tipo de ítem Koha
        Colección digital Biblioteca del Ateneo de Madrid Biblioteca del Ateneo de Madrid Sala Valle Inclán 17/01/2008     D-3482 901164422 23/02/2023 23/02/2023 Libro impreso antiguo